Critical media studies (Record no. 5359)

MARC details
000 -CABECERA
campo de control de longitud fija 03499cam a2200313 i 4500
001 - NÚMERO DE CONTROL
campo de control 991107568585906196
005 - FECHA Y HORA DE LA ÚLTIMA TRANSACCIÓN
campo de control 20260227102158.0
008 - DATOS DE LONGITUD FIJA--INFORMACIÓN GENERAL
campo de control de longitud fija 241204s2025 njua b 001 0 eng c
010 ## - NÚMERO DE CONTROL DE LA BIBLIOTECA DEL CONGRESO
Número de control de LC 2024057376
020 ## - NÚMERO INTERNACIONAL ESTÁNDAR DEL LIBRO
Número Internacional Estándar del Libro 9781394240340
Información calificativa (paperback)
035 ## - NÚMERO DE CONTROL DEL SISTEMA
Número de control de sistema (OCoLC)1482463026
035 ## - NÚMERO DE CONTROL DEL SISTEMA
Número de control de sistema (OCoLC)on1482463026
040 ## - FUENTE DE LA CATALOGACIÓN
Centro catalogador/agencia de origen WaSeSS/DLC
Lengua de catalogación eng
Normas de descripción rda
Centro/agencia transcriptor DLC
Centro/agencia modificador IG#
-- OCLCO
-- OCLCL
-- IE@
-- LGG
041 ## - CÓDIGO DE LENGUA
Código de lengua del texto/banda sonora o título independiente English
042 ## - CÓDIGO DE AUTENTICACIÓN
Código de autenticación pcc
050 00 - SIGNATURA TOPOGRÁFICA DE LA BIBLIOTECA DEL CONGRESO
Número de clasificación P90
Número de documento/Ítem .O88 2026
100 ## - ENTRADA PRINCIPAL--NOMBRE DE PERSONA
Nombre de persona Ott, Brian L.,
Término indicativo de función/relación author.
URI de un objeto del mundo real https://id.oclc.org/worldcat/entity/E39PCjDgxBG6vXCKwkRtmVTv9C
9 (RLIN) 26734
245 10 - MENCIÓN DE TÍTULO
Título Critical media studies
Resto del título : an introduction for the digital age
Mención de responsabilidad, etc. / Brian L. Ott and Robert L. Mack.
250 ## - MENCIÓN DE EDICIÓN
Mención de edición Fourth edition.
264 #1 - PRODUCCIÓN, PUBLICACIÓN, DISTRIBUCIÓN, FABRICACIÓN Y COPYRIGHT
Producción, publicación, distribución, fabricación y copyright Hoboken, New Jersey :
Nombre del de productor, editor, distribuidor, fabricante Wiley-Blackwell,
Fecha de producción, publicación, distribución, fabricación o copyright [2026]
300 ## - DESCRIPCIÓN FÍSICA
Extensión x, 480 pages :
Otras características físicas illustrations ;
Dimensiones 26 cm
504 ## - NOTA DE BIBLIOGRAFÍA, ETC.
Nota de bibliografía, etc. Includes bibliographical references and index.
505 ## - NOTA DE CONTENIDO CON FORMATO
Nota de contenido con formato Introducing Critical Media Studies — Part I Media Technologies: An Ecological Perspective — Ecological Analysis — Part II Media Industries: Marxist, Organizational, and Pragmatic Perspectives — Marxist Analysis — Organizational Analysis — Pragmatic Analysis — Part III Media Messages: Rhetorical, Cultural, Psychoanalytic, Feminist, and Queer Perspectives — Rhetorical Analysis — Cultural Analysis — Psychoanalytic Analysis — Feminist Analysis — Queer Analysis — Part IV Media Audiences: Reception, Sociological, and Erotic Perspectives — Reception Analysis — Sociological Analysis — Erotic Analysis — Conclusion: The Partial Pachyderm — Appendix: Sample Student Essays — Glossary — Index.
520 ## - SUMARIO, ETC.
Sumario, etc. Critical Media Studies: An Introduction for the Digital Age provides students with a powerful framework for analyzing the impact of media on knowledge, attitudes, and behaviors. In a world increasingly shaped by digital technologies and personalized information feeds, this leading textbook supplies the theoretical tools and knowledge to understand how media influence individuals and society.<br/><br/>With an interdisciplinary approach, Brian L. Ott and Robert L. Mack explore media’s role as a powerful socializing force, addressing the key areas of media technologies, industries, messages, and audiences. Each section delves into distinct critical perspectives, such as Marxist, feminist, and queer analysis, alongside exclusive chapters on pragmatic and erotic approaches.<br/><br/>The fourth edition includes significant updates, including a detailed examination of the ecological impact of digital media and unique engagement with Byung-Chul Han’s philosophy. Throughout this edition, revised chapters incorporate contemporary examples, cutting-edge pedagogical features, timely discussion of global trends, and much more.<br/><br/>Ideal for both undergraduate and graduate students, Critical Media Studies is perfect for courses in Media Studies, Communication, and Digital Media programs. Whether in introductory or advanced classes, students will find the text invaluable for fostering critical thinking, media literacy, and informed citizenship. Covering both introductory and advanced topics, it is also a valuable reference for scholars, media professionals, and those in communication-related fields.
Fuente proveedora Provided by publisher.
650 #0 - PUNTO DE ACCESO ADICIONAL DE MATERIA--TÉRMINO DE MATERIA
Término de materia o nombre geográfico como elemento de entrada Mass media
9 (RLIN) 5003
650 #0 - PUNTO DE ACCESO ADICIONAL DE MATERIA--TÉRMINO DE MATERIA
Término de materia o nombre geográfico como elemento de entrada Communication in education
9 (RLIN) 9652
700 ## - ENTRADA AGREGADA--NOMBRE PERSONAL
Nombre de persona Mack, Robert L.,
Fechas asociadas al nombre 1985-
Término indicativo de función/relación author.
URI de un objeto del mundo real https://id.oclc.org/worldcat/entity/E39PCjMHcXD4TyvG74VJxRbxcP
942 ## - ELEMENTOS DE ENTRADA AGREGADA (KOHA)
Fuente del sistema de clasificación o colocación Clasificación de Library of Congress
Holdings
Estado de retiro Estado de pérdida Fuente del sistema de clasificación o colocación Estado dañado No para préstamo Biblioteca de origen Biblioteca actual Fecha de adquisición Total de préstamos Signatura topográfica completa Fecha visto por última vez Número de copia Precio válido a partir de Tipo de ítem Koha Nota pública
    Clasificación de Library of Congress     TBS Barcelona TBS Barcelona 27/02/2026   P90 OTT 27/02/2026 1 27/02/2026 Book SOON AVAILABLE

Powered by Koha